Drop an A Quiz Stats

 Plays Quiz Updated May 11, 2015

Also try: Drop a B
Challenge
Share
Tweet
Embed
Score 0/15 Timer 03:00
3 Plays Today
% Correct
FEASTER
91.1%
AEONS
91.1%
RELAY
83.1%
BOARDER
82.9%
REVEALS
81.7%
EARRING
81.2%
HYPERBOLAE
79.3%
AUNTIE
77.9%
% Correct
SPRAY
77.6%
WHEAT
73.5%
DRAMA
67.3%
PLAYER
65.9%
PRAISED
57%
GYNAECOLOGY
51.8%
ANAESTHETIC
44.3%

You're not logged in!

Compare scores with friends on all Sporcle quizzes.
OR
Log In

You Might Also Like...

Show Comments

Extras

Top Quizzes Today


Score Distribution

Your Account Isn't Verified!

In order to create a playlist on Sporcle, you need to verify the email address you used during registration. Go to your Sporcle Settings to finish the process.

Report this User

Report this user for behavior that violates our Community Guidelines.

Details: